Estatísticas para Apresentadores dos programas e telejornais locais da Rede Globo

Clique aqui para jogar o quiz

Estatísticas Gerais

  • Esse quiz foi jogado 6 vezes
  • A pontuação média é 14 de 26

Estatísticas das Respostas

ProgramaApresentador (a)% Correto
Globo Esporte (RJ)Alex Escobar
100%
SP2/Antena PaulistaCarlos Tramontina
100%
SP1César Tralli
100%
Globo Esporte (SP)Ivan Moré
100%
RJ1Mariana Gross
100%
Bom Dia São PauloRodrigo Bocardi
100%
RJ2Ana Luiza Guimarães
75%
DF1Fábio William
75%
Bom Dia RioFlávio Fachel
75%
Bom Dia DFGuilherme Portanova
75%
MG1Isabela Scalabrini
75%
DF2Antônio de Castro
50%
Bom Dia MinasMara Pinheiro
50%
Bom Dia PernambucoPedro Lins
50%
Globo Comunidade (RJ)Susana Naspolini
50%
Globo Esporte (MG)Carina Pereira
25%
Bom Dia MinasGabriel Senna
25%
Globo Esporte (PE)George Guilherme
25%
Terra de MinasJuliana Perdigão
25%
NE1Márcio Bomfim
25%
NE2Meiry Lanunce
25%
MG2Vivian Santos
25%
Globo Comunidade (PE)Bruno Grubertt
0%
Globo Comunidade (DF)Márcia Witczak
0%
Globo HorizonteRenata do Carmo
0%
Globo Esporte (DF)Viviane Costa
0%

Distribuição das Pontuações

Percentil de Números Respondidos

Porcentagem de Pessoas com Cada Pontuação

Sua Pontuação Histórica

Você não jogou esse quiz